三宮から出ている鉄道の列車の行き先 - Statistics

General Stats
  • This quiz has been taken 333 times
  • The average score is 47 of 60
Answer Stats
ヒント Answer % Correct
東海道本線 大阪
99%
東海道本線 米原
97%
東海道本線 京都
97%
東海道本線 神戸
97%
山陽電鉄本線 山陽姫路
97%
山陽本線 姫路
96%
北陸本線 敦賀
96%
東海道本線 高槻
94%
山陽本線 西明石
94%
赤穂線 播州赤穂
94%
近鉄奈良線 近鉄奈良
94%
阪神本線 尼崎
93%
東海道本線 草津
92%
東海道本線 野洲
91%
山陽本線 須磨
91%
山陽本線 加古川
90%
山陰本線 鳥取
90%
因美線 鳥取
90%
阪急神戸本線 大阪梅田
90%
阪神本線 大阪梅田
90%
北陸本線 長浜
88%
北陸本線 近江塩津
87%
阪急神戸高速線 高速神戸
87%
阪神神戸高速線 高速神戸
87%
山陽本線 網干
86%
山陽本線 上郡
85%
関西本線 奈良
85%
阪急神戸高速線 新開地
85%
阪神神戸高速線 新開地
85%
阪神なんば線 大阪難波
83%
神戸新交通ポートアイランド線 神戸空港
83%
東海道本線 東京
81%
阪急神戸本線 西宮北口
81%
湖西線 近江今津
80%
片町線 木津
80%
山陰本線 倉吉
78%
近鉄奈良線 大和西大寺
76%
神戸市営地下鉄山手線 新神戸
76%
片町線 松井山手
75%
神戸市営地下鉄西神延伸線 西神中央
75%
神戸市営地下鉄北神線 谷上
72%
片町線 同志社前
71%
山陽電鉄本線 須磨浦公園
71%
神戸市営地下鉄海岸線 新長田
71%
山陰本線 豊岡
69%
片町線 四条畷
65%
片町線 放出
65%
阪神本線 御影
62%
山陰本線 香住
59%
阪神本線 元町
59%
山陽電鉄本線 飾磨
59%
片町線 京田辺
58%
山陽電鉄本線 東二見
54%
片町線 長尾
53%
山陽電鉄本線 東須磨
53%
神戸新交通ポートアイランド線 北埠頭経由三宮
53%
神戸市営地下鉄西神線 名谷
49%
神戸新交通ポートアイランド線 中埠頭
43%
神戸市営地下鉄海岸線 御崎公園
31%
神戸新交通ポートアイランド線 計算科学センター
29%
No matching quizzes found
Score Distribution
Percent of People with Each Score
Percentile by Number Answered
Your Score History
You have not taken this quiz